Library Banner

(فلسفئہ اسما رسولﷺ)Phalsaphah-e-Asma'e Rasool (Sallallah-o-Alaih-e-Wassallam) (Record no. 39026)

MARC details
000 -LEADER
fixed length control field 00662nam a2200181Ia 4500
001 - CONTROL NUMBER
control field 39722
005 - DATE AND TIME OF LATEST TRANSACTION
control field 20170506100244.0
008 - FIXED-LENGTH DATA ELEMENTS--GENERAL INFORMATION
fixed length control field 140423s9999 xx 000 0 und d
020 ## - INTERNATIONAL STANDARD BOOK NUMBER
International Standard Book Number 9695037372
040 ## - CATALOGING SOURCE
Transcribing agency PK-LaUMT
082 ## - DEWEY DECIMAL CLASSIFICATION NUMBER
Classification number UMT 297.63
Item number TAH-F
100 ## - MAIN ENTRY--PERSONAL NAME
Personal name Tahir Mustafa, Muhammad
245 ## - TITLE STATEMENT
Title (فلسفئہ اسما رسولﷺ)Phalsaphah-e-Asma'e Rasool (Sallallah-o-Alaih-e-Wassallam)
Statement of responsibility, etc (طاہر مصطفی، محمد)Tahir Mustafa, Muhammad
260 ## - PUBLICATION, DISTRIBUTION, ETC. (IMPRINT)
Place of publication, distribution, etc (لاہور، پاکستان )Lahore,Pakistan:
Name of publisher, distributor, etc (الفیصل پبلشرز اینڈ ٹریڈرز)Al-Faisal Publisher and Traders,
Date of publication, distribution, etc 2008
300 ## - PHYSICAL DESCRIPTION
Extent 781 p.
546 ## - LANGUAGE NOTE
Language note UR
942 ## - ADDED ENTRY ELEMENTS (KOHA)
Koha item type Books
Holdings
Withdrawn status Lost status Damaged status Home library Current library Date acquired Full call number Barcode Date last seen Price effective from Koha item type
      UMT Main Campus UMT Main Campus 2014-04-23 297.63 TAH-F 42589 2017-02-11 2014-05-05 Books
      UMT Main Campus UMT Main Campus 2014-06-25 UMT 297.63 TAH-F 42662 2018-02-07 2014-06-25 Books
      UMT Main Campus UMT Main Campus 2014-06-25 297.63 TAH-F 42663 2023-01-13 2014-06-25 Books